000 00224nam a22000857a 4500
008 160920b xxu||||| |||| 00| 0 eng d
100 _9664
_aBala.R.
245 _aCCE Social Work-X
260 _aNew Delhi
_bS. Chand Publications
_c2011
999 _c3321
_d3321